Urnap

Referát z cirkevného sviatku "Božie telo" v Humennom [11.06.1914]. Okolo 2 tisíc ľudí sa sústredilo na dvore rímskokatolíckej fary z vydali sa spoločne na procesiu. Prvou návštevou bol kaštiel Andrášiovcov - kaplnka.

Podrobná bibliografia
Médium: Článok
Jazyk:Hungarian
Témy:
Zdroj: 1. Felvidéki Hirlap 1. Roč. 7, č. 23 (14.06.1914) s. 2
LEADER 00966nab#a2200313#ar4500
001 000074522
003 SVKKK
005 20041220xxxxxxx.
008 06 c xo huno
FMT
038 |a SVKKK 
040 |a SVKKK  |b slo  |e AACR2 
041 0 |a hun 
044 |a xo  |c SK 
080 |a 282 
242 1 0 |a Božie telo 
245 0 0 |a Urnap 
500 |a mikrofilm 
520 2 |a Referát z cirkevného sviatku "Božie telo" v Humennom [11.06.1914]. Okolo 2 tisíc ľudí sa sústredilo na dvore rímskokatolíckej fary z vydali sa spoločne na procesiu. Prvou návštevou bol kaštiel Andrášiovcov - kaplnka. 
650 0 4 |a Božie telo (sviatok cirkevný) - cirkev rímskokatolícka, Humenné - Humenné - [11.06.1914] - referáty 
773 0 |t Felvidéki Hirlap  |g Roč. 7, č. 23 (14.06.1914) s. 2 
957 |a Humenné 
958 |a CI 
958 |a DG 
958 |a SK 
974 |a Ba  |d 20041220 
992 |a RBX 
BAS
998 |a RETRO